Normal view
MARC view
Entry Personal Name
001 - CONTROL NUMBER
- control field: 319
003 - CONTROL NUMBER IDENTIFIER
- control field: BD-RjUL
005 - DATE AND TIME OF LATEST TRANSACTION
- control field: 20211221163248.0
008 - FIXED-LENGTH DATA ELEMENTS
- fixed length control field: 211221|| aca||aabn | a|a d
040 ## - CATALOGING SOURCE
- Original cataloging agency: BD-RjUL
- Transcribing agency: BD-RjUL
100 ## - HEADING--PERSONAL NAME
- Personal name: বালা, মনোরঞ্জন
670 ## - SOURCE DATA FOUND
- Source citation: Work cat.: (BD-RjUL)79049: বালা, মনোরঞ্জন , বঙ্গবন্ধু গীতিকাব্য /